Théologie du judéo-christianisme

Salvato in:
Dettagli Bibliografici
Autore principale: Daniélou, Jean (Autore)
Natura: Libro
Lingua:francese
Pubblicazione: París Desclée 1957
Serie:Bibliothèque de Théologie. Histoire des Doctrines Chrétiennes avant nicée
Soggetti:
Tags: Aggiungi Tag
Nessun Tag, puoi essere il primo ad aggiungerne!!

MARC

LEADER 00000nam a2200000 a 4500
001 UCL3781
003 CL-VaPUC
008 031212e19570000FR |||||||||||||||||fre|d
082 0 4 |a 261.26  |b DAN  |2 21 
100 0 |a Daniélou, Jean  |e author  |9 481184 
245 1 0 |a Théologie du judéo-christianisme 
300 |a 457 p 
942 |c BK 
945 |d 20031212 00:00:00  |a vberengu 
260 |a París  |b Desclée  |c 1957 
650 0 |a Judaísmo  |9 269348 
650 0 |a Cristianismo  |9 257361 
583 |a last modification  |c 20031212 00:00:00  |k Rodrigo Vera 
490 0 |a Bibliothèque de Théologie. Histoire des Doctrines Chrétiennes avant nicée 
999 |c 306788  |d 306786 
952 |0 0  |1 0  |4 0  |6 261_260000000000000_DAN_1957  |7 0  |8 A  |9 372069  |a BIBTEO  |b BIBTEO  |d 2019-11-21  |i 209746K  |o 261.26 DAN 1957  |p 209746K  |r 2025-01-17  |w 2019-11-21  |y BK  |k ICR